Logo BPK

Biblioteka

Politechniki Koszalińskiej

The Sterile Cuckoo / (Rekord nr 48365)

Szczegóły MARC
000 -ETYKIETA REKORDU
podpole kontrolne o stałej długości 00378nam a2200145 i 4500
001 - NUMER KONTROLNY REKORDU
pole kontrolne bgj
040 ## - ŹRÓDŁO KATALOGOWANIA
Instytucja, która utworzyła rekord BPK
041 0# - KOD JĘZYKA
Kod języka tekstu eng
008 - POLE O STAŁEJ DŁUGOŚCI - DANE KONTROLNE
podpole kontrolne o stałej długości s uk f |000 0 eng
100 1# - NAZWA OSOBOWA
Nazwa osobowa NICHOLS, John Treadwell
Daty związane z nazwą (1940- ).
245 10 - TYTUŁ/ODPOWIEDZIALNOŚĆ
Tytuł The Sterile Cuckoo /
Pozostałe elementy strefy tytułu i oznaczenia odpowiedzialności John [Treadwell] Nichols.
260 ## - STREFA ADRESU WYDAWNICZEGO
Miejsce wydania New York :
Nazwa wydawcy/dystrybutora Avon Books,
Data publikacji, dystrybucji/powstania dokumentu 1969.
300 ## - STREFA OPISU FIZYCZNEGO
Objętość 222 pp ;
Rozmiary 18 cm.
856 ## - LOKALIZACJA I DOSTĘP DO ELEKTRONICZNYCH DOKUMENTÓW ZDALNYCH
Link (URL) http://koha.tu.koszalin.pl/cgi-bin/koha/opac-detail.pl?biblionumber=48365
Tekst linku Katalog online BPK
942 ## - DODATKOWE ELEMENTY (KOHA)
Typ dokumentu Książka
Egzemplarze
Wycofany Status egzemplarza Uszkodzony Dostępność Lokalizacja stała Lokalizacja bieżąca Miejsce przechowywania Sygnatura Kod kreskowy Typ dokumentu
      Dostępny Biblioteka Politechniki Koszalińskiej Biblioteka Politechniki Koszalińskiej Wypożyczalnia Językowa KA 5618 09084681 Książka
© 2023 Biblioteka Politechniki Koszalińskiej :: KOHA